Clínica de la tuberculosis pulmonar en el adulto / (Record no. 111794)

MARC details
000 -LEADER
campo de control de longitud fija 00857nam a2200217 i 4500
001 - NÚMERO DE CONTROL
campo de control 111794
003 - IDENTIFICADOR DE NÚMERO DE CONTROL
campo de control ES-MaACL
005 - FECHA Y HORA DE LA ÚLTIMA TRANSACCIÓN
campo de control 20250730025319.0
007 - CAMPO FIJO DE DESCRIPCIÓN FÍSICA--INFORMACIÓN GENERAL
campo de control de longitud fija t|
008 - DATOS DE LONGITUD FIJA--INFORMACIÓN GENERAL
campo de control de longitud fija 061121s1934 sp r ||||1| spa d
100 1# - ENTRADA PRINCIPAL--NOMBRE DE PERSONA
Nombre de persona Neumann, Wilhelm.
9 (RLIN) 85452
245 10 - MENCIÓN DEL TÍTULO
Título Clínica de la tuberculosis pulmonar en el adulto /
Mención de responsabilidad, etc. por el Dr. Wilhelm Neumann; con un apéndice sobre el diagnóstico rötgenológico de la tuberculosis pulmonar por el Dr. Felix Fleischner; traducción de la segunda edición alemana por el Dr. Juan Torres Gost y A. Bages Carey.
260 ## - PUBLICACIÓN, DISTRIBUCIÓN, ETC.
Lugar de publicación, distribución, etc. Barcelona :
Nombre del editor, distribuidor, etc. Labor,
Fecha de publicación, distribución, etc. 1934.
300 ## - DESCRIPCIÓN FÍSICA
Extensión XVI, 575 p. :
Otras características físicas il. ;
Dimensiones 24 cm.
650 07 - PUNTO DE ACCESO ADICIONAL DE MATERIA--TÉRMINO DE MATERIA
Término de materia o nombre geográfico como elemento de entrada Tuberculosis
Fuente del encabezamiento o término embne
9 (RLIN) 17658
700 1# - ENTRADA AGREGADA--NOMBRE PERSONAL
Nombre de persona Fleischner, Felix.
9 (RLIN) 51159
700 1# - ENTRADA AGREGADA--NOMBRE PERSONAL
Nombre de persona Torres Gost, Juan.
9 (RLIN) 110967
700 1# - ENTRADA AGREGADA--NOMBRE PERSONAL
Nombre de persona Bages Carey, A.
9 (RLIN) 24632
852 ## - LOCALIZACIÓN
Ubicación ES-MaACL
Número de control de estantería E-1519
Holdings
Estatus retirado Estado de pérdida Estado de daño No para préstamo Biblioteca de origen Biblioteca actual Ubicación en estantería Fecha de adquisición Fuente de adquisición Total de préstamos Signatura topográfica completa Código de barras Visto por última vez Precio de reemplazo Tipo de ítem Koha
        Biblioteca del Ateneo de Madrid Biblioteca del Ateneo de Madrid Depósito 2 17/01/2008     E-1519 1116618 23/02/2023 23/02/2023 Libro impreso